000 01242nad a2200337 a 4500
001 MIU01000000000000005126164
003 MiU
005 20231010141118.0
007 cr mnummmmuuuu
008 920710s1991 enkac sb 001 0 eng d
010 _z92104015
020 _z019554966X
024 7 _a2027/heb03381
_2hdl
040 _aMiU
_cMiU
090 _aJQ4098.L3
_b(INTERNET)
100 1 _aMcMullin, Ross,
_d1952-
_937656
245 1 4 _aThe light on the hill
_h[electronic resource] :
_bthe Australian Labor Party, 1891-1991 /
_cRoss McMullin.
300 _ax, 502 p., [48] p. of plates :
_bill., ports. ;
_c25 cm.
504 _aIncludes bibliographical references (p. 447-480) and index.
610 2 0 _aAustralian Labor Party
_xHistory.
_937657
830 0 _aACLS Humanities E-Book.
_937658
856 4 0 _zVolltext
_uhttps://hdl.handle.net/2027/heb03381
942 _cEB
500 _aE-Book-ACLS / Zugriff nur im DHI-Lesesaal
336 _2rdacontent
_btxt
_aText
337 _2rdamedia
_bbc
_aComputermedien
338 _2rdacarrier
_bcr
_aOnline Ressource
264 _aOxford ;
_bOxford University Press Australia,
_c1991.
041 _aeng
500 _aAmerican Council of Learned Societies/ https://www.humanitiesebook.org/about/
999 _c65472
_d65472